|
|
|
|
| LEADER |
00000cam a2200000 7i4500 |
| 001 |
0000040044 |
| 005 |
20140310.0 |
| 008 |
140310 |
| 020 |
|
|
|a 9670585543
|
| 090 |
0 |
0 |
|a 297.5
|b MAS
|
| 100 |
1 |
|
|a Masrur Huda, M
|
| 245 |
1 |
0 |
|a 50 ibadah paling hebat di sisi Allah
|c M. Masrur Huda
|
| 260 |
|
|
|a KL :
|b Synergy Media Sdn. Bhd ,
|c [s.n]
|
| 440 |
|
|
|a Siri menggapai kebahagiaan; 2
|
| 650 |
|
0 |
|a Islamic ethics
|
| 650 |
|
0 |
|a Religious life
|x Islam
|
| 999 |
|
|
|a 0001276243
|b Book
|c Adult Collection
|e Cawangan Tmn. Ungku Tun Aminah
|
| 999 |
|
|
|a 0001276247
|b Book
|c Adult Collection
|e Cawangan Pontian
|
| 999 |
|
|
|a 0001276252
|b Book
|c Adult Collection
|e Cawangan Muar
|
| 999 |
|
|
|a 0001276255
|b Book
|c Adult Collection
|e Cawangan Mersing
|
| 999 |
|
|
|a 0001279183
|b Book
|c Adult Collection
|e Perbadanan Perpustakaan Awam Johor
|
| 999 |
|
|
|a 0001279184
|b Book
|c Adult Collection
|e Perbadanan Perpustakaan Awam Johor
|
| 999 |
|
|
|a 0001279186
|b Book
|c Adult Collection
|e Perbadanan Perpustakaan Awam Johor
|